000 00873nam a2200253Ia 4500
003 OSt
005 20220926030616.0
006 a|||||r|||| 00| 0
007 ta
008 220923b |||||||| |||| 00| 0 eng d
020 _a9780691168319
_c1434.6900000000001
037 _b1030168, 08/03/2016, Atlantic Publisher & Distributers
_cGeneral Book
040 _aRTL
_cRTL
_beng
041 _2eng
_aeng
082 _aX:(S), Q5
100 _aSHILLER Robert J
_9251060
245 0 _aPhishing of phools
_b The economics of manipulation and deception
260 _aPrinceton
_bPrinceton University Press
_c2015
300 _axvi, 272p
_ccm.
650 _aEconomics
700 _a AKERLOF George A
942 _hX:(S), Q5
_cGB
_2CC
999 _c650315
_d650315